000 00787cam a22002538a 4500
001 13751034
005 20180222033413.0
008 041014s2005 nju b 001 0 eng
010 _a 2004060020
020 _a0131536869
040 _aDLC
_cDLC
041 _aeng
042 _apcc
080 _a519.5 BER
082 0 0 _a519.5 BER
_222
100 1 _a55
101 _aSTA
245 1 0 _aBasic business statistics :
_cMark L. Berenson, David M. Levine, Timothy C. Krehbiel.
263 _a1111
504 _aIncludes bibliographical references and index.
906 _a0
_bvip
_corignew
_d1
_eocip
_f20
_gy-gencatlg
942 _2ddc
_cBK
999 _c43107
_d43107